| 000 | 00552nam a2200181Ia 4500 | ||
|---|---|---|---|
| 001 | 19617 | ||
| 003 | GE_BSU | ||
| 008 | 181216s||||||||xx |||||||||||||| ||und|| | ||
| 040 | _cGE_BSU | ||
| 245 | _aИнновации в образовании, №11 ноябрь. 2016. | ||
| 245 | _cГл.ред.И.В. Сыромятников | ||
| 260 | _aМосква | ||
| 260 | _c2016 | ||
| 300 | _a167стр. 25см. | ||
| 653 | _aИнновации в образовании. №11 ноябрь. 2016. | ||
| 653 | _aგანათლება | ||
| 942 | _cCR | ||
| 999 |
_c52593 _d52593 |
||